Literatura árabe
Na minha lista:
| Autor principal: | |
|---|---|
| Formato: | Livro |
| Idioma: | árabe espanhol |
| Publicado em: |
Barcelona
El Acantilado
2002
|
| Edição: | 1a. ed |
| Colecção: | El Acantilado, 59
|
| Assuntos: | |
| Tags: |
Adicionar Tag
Sem tags, seja o primeiro a adicionar uma tag!
|
MARC
| LEADER | 00000nam a2200000 a 4500 | ||
|---|---|---|---|
| 001 | UCL6734 | ||
| 003 | CL-VaPUC | ||
| 008 | 040416e20020000SP |||||||||||||||||ara|d | ||
| 020 | |a 8495359812 | ||
| 041 | 0 | 7 | |a ara |2 CL-VaPUC |
| 041 | 0 | 7 | |a spa |2 CL-VaPUC |
| 082 | 0 | 4 | |a 892.7 |b VER |2 21 |
| 100 | 0 | |a Vernet, Juan |e author |9 484445 | |
| 245 | 1 | 0 | |a Literatura árabe |
| 250 | |a 1a. ed | ||
| 300 | |a 350 p | ||
| 942 | |c BK | ||
| 945 | |d 20040416 00:00:00 |a cmena | ||
| 260 | |a Barcelona |b El Acantilado |c 2002 | ||
| 650 | 7 | |a LITERATURA ARABE |2 CL-VaPUC |9 323185 | |
| 650 | 7 | |a LENGUA ARABE |2 CL-VaPUC |9 444035 | |
| 650 | 7 | |a POESIAS ARABES |2 CL-VaPUC |9 267586 | |
| 650 | 7 | |a POESIAS PREISLAMICAS |2 CL-VaPUC |9 484446 | |
| 650 | 7 | |a LITERATURA MUSULMANA |2 CL-VaPUC |9 484447 | |
| 583 | |a last modification |c 20040416 00:00:00 |k Rodrigo Vera | ||
| 490 | 0 | |a El Acantilado, 59 | |
| 999 | |c 308716 |d 308714 | ||
| 952 | |0 0 |1 0 |4 0 |6 892_700000000000000_VER_2002 |7 0 |8 A |9 375488 |a BIBHIS |b BIBHIS |d 2019-11-21 |i 4007123 |o 892.7 VER 2002 |p 4007123 |r 2025-01-20 |w 2019-11-21 |y BK |k HIS | ||